000 00314nam a2200133Ia 4500
008 090707b ii f a fnsan d
100 _aDhiman, Harbans Singh
_94881
245 _aPunjabi bhasha ate viyakaran
260 _aPatiala
260 _bGagan Prakashan
260 _c2006
300 _a208p
942 _cBK
999 _c21841
_d21841